Marvel Heroes by Real Names #1 - Statistics

General Stats
  • This quiz has been taken 34 times
  • The average score is 7 of 25
Answer Stats
Name Answer % Correct
Peter Parker Spider-Man
97%
Natasha Romanoff Black Widow
77%
Shuri Black Panther
70%
John Walker U.S. Agent
53%
Ajak Ajak Celestia
47%
Anna Marie Rogue
47%
Elizabeth "Betty" Ross Red She-Hulk
43%
William "Billy" Kaplan Asgardian
33%
"Devin Dinosaur" Devil Dinosaur
33%
unknown; blind martial arts master Stick
33%
Miguel O'Hara Spider-Man 2099
30%
Krugarr Listener
27%
Cecilia Reyes Forcefield
23%
Shiro Yoshida Sunfire
20%
Mercedes Knight Misty Knight
13%
Volstagg the _________ Voluminous
13%
Faiza Hussain Excalibur
10%
Elizabeth Twoyoungmen Talisman
7%
Ashley Crawford Big Bertha
3%
Harris Moore Comet
3%
Alana Jobson Jackpot
3%
Davis Cameron Slipstream
3%
Suzanne Chan Sway
3%
Lyja the Laserfist
3%
Michiko "Mickey" Musashi Turbo
3%
No matching quizzes found
Score Distribution
Percent of People with Each Score
Percentile by Number Answered
Your Score History
You have not taken this quiz